Statistics for Combining GDP with GDP per capita

Click here to take the quiz!

General Stats

  • This quiz has been taken 28 times
  • The average score is 28 of 30

Answer Stats

ResultCountry% Correct
78,686Canada
100%
108,385France
100%
179,338Germany
100%
67,927Italy
100%
205,877Japan
100%
119,091United Kingdom
100%
73,465Australia
96%
145,716China
96%
13,144Finland
96%
30,042Norway
96%
19,607Russia
96%
52,468South Korea
96%
40,971Spain
96%
26,988Sweden
96%
46,540Netherlands
93%
17,958Saudi Arabia
93%
61,372Switzerland
93%
1,379,367United States
93%
24,497Belgium
89%
15,939Brazil
89%
20,891Denmark
89%
31,705Ireland
89%
25,387Singapore
89%
18,663United Arab Emirates
89%
22,069Austria
86%
16,506Israel
86%
12,527Mexico
86%
9,309Poland
86%
12,025Qatar
86%
19,117Taiwan
86%

Score Distribution

Percentile by Number Answered

Percent of People with Each Score

Your Score History

You have not taken this quiz